00280nam a2200109 a 4500008004100000050002100041100002300062245002900085260003300114300001400147350000900161120416s1965 ||||||||||||||||| || u aPR 6054. U56 D86 aDu Maurier, Daphne14aThe flight of the falcon aLondonbVictor Gollaczc1965 a272 pages a0.00